Minimalism : Minimalist

Salvato in:
Dettagli Bibliografici
Autore principale: Gomez, Lola (Autore)
Natura: Libro
Lingua:tedesco
Pubblicazione: Berlin: Feierabend, , 2003
Soggetti:
Tags: Aggiungi Tag
Nessun Tag, puoi essere il primo ad aggiungerne!!

MARC

LEADER 00000nam a22000003a 4500
001 stu83147
005 20150617225634.3
008 040114s2003------------------------ger-d
020 |a 3936761086 
040 |a STU  |b slo 
041 0 |a ger 
100 1 |a Gomez, Lola  |4 aut 
245 1 |a Minimalism :  |b Minimalist 
260 |a Berlin: Feierabend, ,  |c 2003 
300 |a 849 s 
650 7 |a architektúra európska  |2 stusub 
650 7 |a architektúra súčasná  |2 stusub 
996 |b 284AU04442  |c A*3982 U  |l AAKNAR  |s A  |a 24  |w stu83147_0002